000
00284nam a22001337a 4500
008
171021b xxu||||| |||| 00| 0 eng d
020
_a
9780399526909
041
_a
eng
080
_a
658
100
_a
54
101
_a
LID
245
_a
BEYOND SUCCESS
_c
WOODEN, J
942
_2
udc
_c
BK
999
_c
35275
_d
35275